|
|
|
|
| LEADER |
00000nam0a2200000 4500 |
| 001 |
127189 |
| 005 |
20260406144254.0 |
| 010 |
|
|
|a 5280009016
|
| 035 |
|
|
|a (RuTPU)RU\TPU\book\137576
|
| 090 |
|
|
|a 127189
|
| 100 |
|
|
|a 20071211d1988 m y0rusy5003 ca
|
| 101 |
0 |
|
|a rus
|
| 102 |
|
|
|a RU
|
| 105 |
|
|
|a y z 000ay
|
| 200 |
1 |
|
|a Роман без вранья; Циники; Мой век, моя молодость, мои друзья и подруги
|e [18+]
|e [НЕЗАКОННОЕ ПОТРЕБЛЕНИЕ НАРКОТИЧЕСКИХ СРЕДСТВ, ПСИХОТРОПНЫХ ВЕЩЕСТВ, ИХ АНАЛОГОВ ПРИЧИНЯЕТ ВРЕД ЗДОРОВЬЮ, ИХ НЕЗАКОННЫЙ ОБОРОТ ЗАПРЕЩЁН И ВЛЕЧЕТ УСТАНОВЛЕННУЮ ЗАКОНОДАТЕЛЬСТВОМ ОТВЕТСТВЕННОСТЬ]
|f А. Б. Мариенгоф
|g сост. , подгот. текста, послесл. Б. Аверин
|
| 210 |
|
|
|a Ленинград
|c Художественная литература
|c Ленингр. отд-ние
|d 1988
|
| 215 |
|
|
|a 478,[2] с.
|d 20 см
|
| 610 |
1 |
|
|a русская литература
|
| 610 |
1 |
|
|a романы
|
| 610 |
1 |
|
|a проза
|
| 675 |
|
|
|a Р2
|
| 700 |
|
1 |
|a Мариенгоф
|b А. Б.
|c российский писатель
|c поэт
|f 1897-1962
|g Анатолий Борисович
|3 (RuTPU)RU\TPU\pers\3674
|9 809
|
| 702 |
|
1 |
|a Аверин
|b Б.
|4 220
|
| 801 |
|
0 |
|a RU
|b RuMRKP
|c 19950417
|g psbo
|
| 801 |
|
1 |
|a RU
|b 63413507
|c 20071211
|g PSBO
|
| 801 |
|
2 |
|a RU
|b 63413507
|c 20080317
|g PSBO
|
| 830 |
|
|
|a *изданиеподлежащеемаркировке
|
| 942 |
|
|
|c BK
|